Sports Quiz

Random Sports or Tennis Quiz

Tennis Tournament Sort Quiz Stats

 Plays Quiz not verified by Sporcle

Challenge
Share
Tweet
Embed
Score 0/16 Timer 02:00
3 Plays Today
% Correct
Australian Open
88.7%
French Open
88.2%
U.S. Open
85.5%
Wimbledon
83.8%
Indian Wells Masters
79.2%
Monte-Carlo Masters
77.6%
Miami Open
75.8%
Halle Open
68.5%
% Correct
Italian Open
67.5%
Chennai Open
65.8%
Rotterdam Open
64.5%
Brisbane International
63.5%
Rio Open
57.3%
Mexican Open
56.6%
Qatar Open
52.1%
Bavarian International
49.2%

You're not logged in!

Compare scores with friends on all Sporcle quizzes.
OR
Log In

You Might Also Like...

Show Comments

Extras

Top Quizzes Today


Score Distribution

Your Account Isn't Verified!

In order to create a playlist on Sporcle, you need to verify the email address you used during registration. Go to your Sporcle Settings to finish the process.

Report this User

Report this user for behavior that violates our Community Guidelines.

Details: